Normal view
MARC view
Entry Personal Name
001 - CONTROL NUMBER
- control field: 29474
003 - CONTROL NUMBER IDENTIFIER
- control field: dpl
005 - DATE AND TIME OF LATEST TRANSACTION
- control field: 20110712101737.0
008 - FIXED-LENGTH DATA ELEMENTS
- fixed length control field: 110712|||a|||||| | ||| d
040 ## - CATALOGING SOURCE
- Original cataloging agency: dpl
- Transcribing agency: dpl
100 ## - HEADING--PERSONAL NAME
- Personal name: वॉरेन, हेनरी क्लार्क
670 ## - SOURCE DATA FOUND
- Source citation: Work cat.: (dpl)48614: वॉरेन, हेनरी क्लार्क, लेनिन /, 2009
670 ## - SOURCE DATA FOUND
- Source citation: Work cat.: (dpl)48614: वॉरेन, हेनरी क्लार्क, लेनिन /, 2009
